000 00628nam a2200205 4500
005 20250918161304.0
008 250916b |||||||| |||| 00| 0 eng d
020 _a9788122484908
041 _aEnglish
082 _a372.6
_bLOU
100 _aLougheed Lin Ed.
_9213095
245 _aBarron's IELTS Premium
250 _a7th
260 _aMumbai
_bNew Age International Publishers
_c2024
300 _a490
365 _b559.00
_cRs.00
520 _a1. Introduction 2. Preparing for IELTS 3. Listening 4. Reading 5. Writing 6. Speaking 7. IELTS Model Tests
650 _aCommunication Skills
_9213096
942 _cBK
999 _c367805
_d367805